Clifford algebra to geometric calculus : a unified language for mathematics and physics
Saved in:
| Main Author: | |
|---|---|
| Other Authors: | |
| Format: | Book |
| Language: | English |
| Published: |
Dordrecht :
D. Reidel,
1992
|
| Edition: | Repr. with corrections |
| Series: | Fundamental theories of physics
|
| Subjects: | |
| Tags: |
Add Tag
No Tags, Be the first to tag this record!
|
MARC
| LEADER | 00000nam a2200000 i 4500 | ||
|---|---|---|---|
| 001 | 1/29700 | ||
| 008 | 960702s1992 eng d | ||
| 020 | |a 90-277-1673-0 | ||
| 035 | |a 1995 |l 10038384 | ||
| 040 | |a GR-MY-UA |b gre |e aacr | ||
| 041 | 0 | |a eng | |
| 082 | 0 | |a 512.57 | |
| 100 | 1 | |a Hestenes, David |d 1933- | |
| 245 | 1 | 0 | |a Clifford algebra to geometric calculus : |b a unified language for mathematics and physics / |c by David Hestenes and Garret Sobczyk |
| 250 | |a Repr. with corrections | ||
| 260 | |a Dordrecht : |b D. Reidel, |c 1992 | ||
| 300 | |a 314 p.; |c 25 cm. | ||
| 490 | 1 | |a Fundamental theories of physics | |
| 500 | |a Includes bibliographical references and index | ||
| 650 | 0 | 0 | |a Clifford algebras. |
| 650 | 0 | 0 | |a Calculus. |
| 700 | 1 | |a Sobczyk, Garret |d 1943- | |
| 830 | 0 | |a Fundamental theories of physics | |
| 852 | |a INST |b SAMOS |e 19960702 |h 512.57 HES |p 005300005386 |q 005300005386 |t BK |y 0 | ||
| 909 | |a Σ |b 041397 | ||